000 00715nam a2200205Ia 4500
003 GCL
005 20240530104822.0
008 140319s9999 xx 000 0 ara d
040 _aGCL /
_cGCL
082 0 4 _a376.953109
_bع م
100 1 _aعائشة احمد عبدالرحيم الحسينى
245 1 0 _aالمراة السعودية العاملة فى التعليم العالى /
_cعائشة احمد عبدالرحيم الحسينى
300 _a106 ص
490 _aالمكتبة الثقافية
_v0
650 0 4 _aالمرأة العاملة
650 0 4 _aالتعليم - السعودية
650 0 4 _aتعليم النساء
650 0 4 _aالمرأة السعودية
942 _2ddc
_cBK
999 _c50913
_d50913